Score 0/31 Timer 10:00
6 Plays Today
% Correct
Colorado
91.6%
1914
76.6%
The Louvre
75%
Berlin
72.7%
USSR
71.1%
Aztec Empire
70.5%
Abbey Road
69.5%
Japan
65.7%
Lucille Ball
65.7%
Mount Vesuvius
64.8%
Massachusetts
64.5%
Mikhail Gorbachev
62.7%
Ian Fleming
61.5%
Washington, D.C.
57.1%
Romania
56.6%
Calvin Coolidge
56.3%
% Correct
Woodrow Wilson
56%
Greenland
51.5%
South Africa
50.7%
Côte d'Ivoire
50.6%
Paraguay
45.1%
Kyrgyzstan
40.5%
Mongol Empire
40.2%
Helium
39.4%
John Paul I
38.7%
Ice Axe
33.1%
Han
31.2%
Russia
27.7%
Pierre de Fermat
20.1%
Chennai
18.9%
Hurricane Irene
16.6%
Remove Ads.
Support Sporcle.
Get the best of Sporcle when you Go Orange. This ad-free experience offers more features, more stats, and more fun while also helping to support Sporcle. Thank you for becoming a member.

You're not logged in!

Compare scores with friends on all Sporcle quizzes.
OR
Log In

Show Comments

Extras

Top Quizzes Today


Score Distribution

Your Account Isn't Verified!

In order to create a playlist on Sporcle, you need to verify the email address you used during registration. Go to your Sporcle Settings to finish the process.

Report this User

Report this user for behavior that violates our Community Guidelines.

Details: